000 00334nam a2200121Ia 4500
008 240731s9999 xx 000 0 und d
022 _a1532-4273
245 0 _aInternational Journal Organization Theory and Behavior
260 _bTaylor & Francis
856 _uhttps://www.tandfonline.com/loi/lotb20
942 _2ddc
942 _cTFEJ
999 _c77030
_d77030
945 _a1
_bMadushi Gamage
_c1
_dMadushi Gamage